000 00512nam a2200169 a 4500
001 000035183
005 20200930074148.0
008 111025s1985 ag 000 0 spa d
020 _a9501800709
100 1 _aBerlin, Edward A.
_960915
245 1 3 _aEl ragtime /
_cEdward A. Berlin.
260 _aBuenos Aires, Argentina :
_bEdiciones Tres Tiempos,
_c1985.
300 _a256 p. ;
_c23 cm.
490 1 _aLibros del ayer inconmovible ;
_v4
830 0 _aLibros del ayer inconmovible
_n4
_960916
999 _c34674
_d34674
040 _aDO-SdBNP